Prix du blé et numéraire dans l'Egypte lagide de 305 à 173 /

محفوظ في:

المؤلف الرئيسي: Cadell, Hélène (مؤلف)

مؤلفون آخرون: Le Rider, Jacques.

التنسيق: كتاب

اللغة: French

منشور في: Bruxelles : Fondation égyptologique reine Elisabeth, 1997.

سلاسل: Papyrologica Bruxellensia ; 30.
PapBrux ; 30.

الموضوعات:

الوسوم: إضافة وسم

لا توجد وسوم, كن أول من يضع وسما على هذه التسجيلة!

رقم الطلب: PA3339 .P2 v.30

LEADER 00988nam a22003017a 4500
003 OSt
005 20251006100152.0
008 251006t1997 be b 001 0 fre d
010 |a 98219920 
040 |c ARCE Library 
043 |a f-ua--- 
050 1 4 |a PA3339  |b .P2 v.30 
100 1 |a Cadell, Hélène,  |e author  |9 27618 
245 1 0 |a Prix du blé et numéraire dans l'Egypte lagide de 305 à 173 /  |c Hélène Cadell, Georges Le Rider. 
264 1 |a Bruxelles :   |b Fondation égyptologique reine Elisabeth,   |c 1997. 
300 |a 100 pages ;  |c 24 cm. 
490 1 |a Papyrologica Bruxellensia ;   |v 30. 
490 1 |a PapBrux ;   |v 30. 
504 |a Includes bibliographical references and indexes. 
650 0 |a Money  |z Egypt  |x History. 
650 0 |a Wheat  |x Prices  |z Egypt  |x History. 
651 0 |a Egypt  |x History  |y 332-30 B.C. 
700 1 |a Le Rider, Jacques. 
830 0 |a Papyrologica Bruxellensia ;   |v 30. 
830 0 |a PapBrux ;   |v 30. 
901 |a reviewed 
942 |c BK  |2 lcc 
999 |c 22392  |d 22392